| 000 | 01722nam0a2200313 4500 | ||
|---|---|---|---|
| 001 | RU\NLR\bibl\840287 | ||
| 005 | 20250614144750.0 | ||
| 021 |
_aRU _b2005-48457 _92361 |
||
| 035 | _a(NLR Aleph) 000829114 | ||
| 090 |
_a1349424 _c1349424 |
||
| 100 | _a20050914d2005 |||y0rusy50 ca | ||
| 101 | 0 | _arus | |
| 102 | _aRU | ||
| 105 | _aa ||||||||| | ||
| 200 | 1 |
_aПознай самого себя и делай свое и не только свое дело _eнаучное послание юным коллегам, ученикам 3б класса Лицея N 597 - будущим эдукологам _fВ.И. Прокопцов _gМ-во образования и науки Рос. Федерации, Федер. агентство по образованию, С.-Петерб. гос. лесотехн. акад., Межвуз. учеб.-науч.-метод. центр "Эдуколог" - фил. исслед. центра пробл. качества подгот. специалистов |
|
| 210 |
_aСанкт-Петербург _cСПбГЛТА _d2005 |
||
| 215 |
_a63 с., [1] л. ил. _cил. _d21 |
||
| 300 | _aНа обл.: 60-летию Великой Победы | ||
| 320 | _aБиблиогр.: с. 57-62 (92 назв.) | ||
| 606 | 1 |
_aПедагогика _xФилософские основы _92078364 _3RU\NLR\auth\661254212 |
|
| 606 | 1 |
_aПознавательные способности у детей _91992012 _3RU\NLR\auth\66914644 |
|
| 686 | _aЧ30в | ||
| 686 | _aЮ983.724 | ||
| 700 | 1 |
_aПрокопцов _bВ. И. _gВиктор Илларионович _4070 |
|
| 801 | 0 |
_aRU _bNLR _c20050914 _grcr |
|
| 801 | 1 |
_aRU _bNLR _c20050914 |
|
| 942 | _cBOOK | ||
| 980 | _aNB | ||